000 00941nac a22002897a 4500
001 BR9700272
003 BR-BrBNA
005 20240105121826.0
008 230509b bl.|||m| |||| 00| 0 por d
040 _aBR-BrBNA
_bpor
_cBiblioteca Nacional de Agricultura
072 _aF01
090 _a1440 BR9700272
100 1 _aEl-Husny, J.C.
100 1 _aCordeiro, A.C.C.
100 1 _aRibeiro, P.H.E.
100 1 _aCarvalho, W.P. de
110 1 _aCentro de Pesquisa Agroflorestal de Roraima, Boa Vista (Brasil)
_91534
245 1 _aCultivares de feijao caupi (Vigna unguiculata (L.)Walp)para Roraima
260 3 _aBoa Vista, RR (Brasil):
_c1995.
300 _a4 p.
490 _aComunicado Tecnico - Centro de Pesquisa Agroflorestal de Roraima (Brazil)
_vno. 1
_xISSN 0101-8620
650 _aFeijao
650 _aPratica Cultural
650 _aRoraima
909 _a202312
_bLúcia Elande
_c55
_dLúcia Elande
942 _2AGRIS
_n0
_cMS
999 _c287687
_d287687